San Antonio TX Subdivisions - Statistics

General Stats
  • This quiz has been taken 4 times
  • The average score is 5 of 18
Answer Stats
Population Subdivision % Correct
6,997 Downtown
100%
28,537 Balcones Heights
50%
4,085 Great Northwest
50%
17,887 Leon Valley
50%
354,946 North Central
50%
14,497 North of Downtown
50%
~800,000 Other
50%
2,329 South of Southtown
50%
17,348 Southtown
50%
9,588 Blue Star
0%
5,305 King William
0%
4,672 Las Palmas
0%
8,454 Laurel Heights
0%
4,755 Lavaca
0%
154 La Villita
0%
1,508 Market Square
0%
933 River Walk
0%
120,680 Uptown Central
0%
No matching quizzes found
Score Distribution
Percent of People with Each Score
Percentile by Number Answered
Your Score History
You have not taken this quiz